| 000 | 00631nam a2200241Ia 4500 | ||
|---|---|---|---|
| 003 | 0100 | ||
| 008 | 130303s9999 xx 000 0 und d | ||
| 020 | _a0060194979 | ||
| 040 | _cARRUPELIB | ||
| 050 | _aQH431.R475 2000 | ||
| 100 | _aRidley, Matt | ||
| 245 | _aGenome | ||
| 245 | _bthe autobiography of a species in 23 chapters | ||
| 260 | _aNew York | ||
| 260 | _bHarperCollins Publishers | ||
| 260 | _C1999 | ||
| 300 | _a344p. | ||
| 300 | _b 24cm | ||
| 650 | _bChild psychology--Congresses | ||
| 650 | _cImagery (Psychology)--Congresses | ||
| 650 | _dDrawing ability in children--Congresses | ||
| 942 |
_2lcc _02 |
||
| 999 |
_c61214 _d61214 |
||